| 000 | 01151nam a2200253Ia 4500 | ||
|---|---|---|---|
| 999 |
_c52961 _d52961 |
||
| 001 | 19992 | ||
| 003 | GE_BSU | ||
| 005 | 20220624125829.0 | ||
| 008 | 181216s2016ge xx |||||||||||||| ||geo|| | ||
| 020 | _a9789941076008 | ||
| 040 | _cGE_BSU | ||
| 041 | _ageo | ||
| 080 | _a1(38)(092) პ-43 | ||
| 100 |
_aპლატონი (427-347 ჩ.წ.ა.) _914012 |
||
| 245 |
_aპარმენიდე / _cპლატონი, ძვ. ბერძნ. თარგმნა, შესავალი და შენიშვნ. ბაჩანა ბრეგვაძემ. |
||
| 260 | _aთბილისი | ||
| 264 |
_aთბილისი : _bგამომცემლობა Carpe diem, _c2016. |
||
| 300 |
_a185 გვ.: _c16 სმ. |
||
| 653 | _aპარმენიდე | ||
| 653 | _aფილოსოფია | ||
| 653 | _aძველი ბერძნული ფილოსოფია; ძველი ბერძენი ფილოსოფოსები; დიალექტიკა | ||
| 700 |
_aბრეგვაძე, ბაჩანა _eმთარგმნელი _93536 |
||
| 942 |
_cBK _2udc |
||